<?xml version="1.0" encoding="UTF-8"?><?xml-stylesheet type="text/xsl" href="static/style.xsl"?><OAI-PMH xmlns="http://www.openarchives.org/OAI/2.0/" xmlns:xsi="http://www.w3.org/2001/XMLSchema-instance" xsi:schemaLocation="http://www.openarchives.org/OAI/2.0/ http://www.openarchives.org/OAI/2.0/OAI-PMH.xsd"><responseDate>2026-04-17T12:07:35Z</responseDate><request verb="GetRecord" identifier="oai:riubu.ubu.es:10259/10459" metadataPrefix="marc">https://riubu.ubu.es/oai/request</request><GetRecord><record><header><identifier>oai:riubu.ubu.es:10259/10459</identifier><datestamp>2025-05-14T00:05:09Z</datestamp><setSpec>com_10259_4249</setSpec><setSpec>com_10259_5086</setSpec><setSpec>com_10259_2604</setSpec><setSpec>col_10259_4250</setSpec></header><metadata><record xmlns="http://www.loc.gov/MARC21/slim" xmlns:doc="http://www.lyncode.com/xoai" xmlns:xsi="http://www.w3.org/2001/XMLSchema-instance" xmlns:dcterms="http://purl.org/dc/terms/" xsi:schemaLocation="http://www.loc.gov/MARC21/slim http://www.loc.gov/standards/marcxml/schema/MARC21slim.xsd">
<leader>00925njm 22002777a 4500</leader>
<datafield tag="042" ind1=" " ind2=" ">
<subfield code="a">dc</subfield>
</datafield>
<datafield tag="720" ind1=" " ind2=" ">
<subfield code="a">Castro Reigía, David</subfield>
<subfield code="e">author</subfield>
</datafield>
<datafield tag="720" ind1=" " ind2=" ">
<subfield code="a">García, Iker</subfield>
<subfield code="e">author</subfield>
</datafield>
<datafield tag="720" ind1=" " ind2=" ">
<subfield code="a">Sanllorente Méndez, Silvia</subfield>
<subfield code="e">author</subfield>
</datafield>
<datafield tag="720" ind1=" " ind2=" ">
<subfield code="a">Ortiz Fernández, Mª Cruz</subfield>
<subfield code="e">author</subfield>
</datafield>
<datafield tag="720" ind1=" " ind2=" ">
<subfield code="a">Sarabia Peinador, Luis Antonio</subfield>
<subfield code="e">author</subfield>
</datafield>
<datafield tag="260" ind1=" " ind2=" ">
<subfield code="c">2025-04</subfield>
</datafield>
<datafield tag="520" ind1=" " ind2=" ">
<subfield code="a">NIR spectroscopy has become one of the most prominent techniques in the food industry due to its easy and fast use. Coupled with PLS, it is a well-established method for determining nutrients, contaminants, or adulterants in foods. Nevertheless, it is not common when calculating the capability of detection or discrimination given a target/permitted value, providing probabilities of false non-compliance (α) or false compliance (β). That is exactly the main purpose of this work, where a single procedure using the accuracy line to evaluate these figures of merit by generalizing ISO 11843 when using NIR-PLS in real scenarios in agri-food industries is shown. Nevertheless, it is a completely general procedure and can be used in any analytical context in which a PLS calibration is applied. As an example of its versatility, several analytical determinations were performed using different common food matrices in the agri-food industry (butter, flour, milk, yogurt, oil, and olives) for the quantification of protein, fat, salt, and two agrochemicals. Some results were a detection capability of 5.2% of fat in milk, 1.20 mg kg−1 for diflufenican, and 2.34 mg kg−1 for piretrin in olives when maximum limits were established at 5%, 0.6 mg kg−1, and 0.5 mg kg−1 respectively. Also, 1.02% for salt in butter and 11.45%, 3.78%, and 2.65% for protein in flour, milk, and yogurt, respectively, were obtained when minimum limits were established at 1.2%, 12%, 4%, and 3% respectively. In all cases α = β = 0.05.</subfield>
</datafield>
<datafield tag="024" ind2=" " ind1="8">
<subfield code="a">http://hdl.handle.net/10259/10459</subfield>
</datafield>
<datafield tag="024" ind2=" " ind1="8">
<subfield code="a">10.3390/app15094808</subfield>
</datafield>
<datafield tag="024" ind2=" " ind1="8">
<subfield code="a">2076-3417</subfield>
</datafield>
<datafield ind1=" " ind2=" " tag="653">
<subfield code="a">PLS Calibration</subfield>
</datafield>
<datafield ind1=" " ind2=" " tag="653">
<subfield code="a">NIR Spectroscopy</subfield>
</datafield>
<datafield ind1=" " ind2=" " tag="653">
<subfield code="a">Contaminants</subfield>
</datafield>
<datafield ind1=" " ind2=" " tag="653">
<subfield code="a">Food adulterants</subfield>
</datafield>
<datafield ind1=" " ind2=" " tag="653">
<subfield code="a">Capability of detection</subfield>
</datafield>
<datafield ind1=" " ind2=" " tag="653">
<subfield code="a">Minimun detectable concentration</subfield>
</datafield>
<datafield ind1=" " ind2=" " tag="653">
<subfield code="a">False positive</subfield>
</datafield>
<datafield ind1=" " ind2=" " tag="653">
<subfield code="a">False negative</subfield>
</datafield>
<datafield ind1=" " ind2=" " tag="653">
<subfield code="a">False compliance</subfield>
</datafield>
<datafield ind1=" " ind2=" " tag="653">
<subfield code="a">False non-compliance</subfield>
</datafield>
<datafield tag="245" ind1="0" ind2="0">
<subfield code="a">Detection of Nutrients and Contaminants in the Agri-Food Industry Evaluating the Probabilities of False Compliance and False Non-Compliance Through PLS Models and NIR Spectroscopy</subfield>
</datafield>
</record></metadata></record></GetRecord></OAI-PMH>